| 000 | 00995nam a2200265Ia 4500 | ||
|---|---|---|---|
| 005 | 20251020182511.0 | ||
| 008 | 200515s9999 xx 000 0 und d | ||
| 020 | _a970-15-0782-7 | ||
| 082 | _a651.4/M77/4 | ||
| 100 | _aGregori, Enrique | ||
| 100 | _aMondelo, Pedro R. | ||
| 100 | _aPedro González, Óscar de [et al.] | ||
| 245 | 0 | _aErgonomia 4. El trabajo en oficinas | |
| 260 | _aMéxico, D.F. | ||
| 260 | _bAlfaomega Grupo Editor, S.A. de C.V. ; Edicions UPC, S.L. ; Universitat Politècnica de Catalunya | ||
| 260 | _c2008 | ||
| 300 | _a328 p. | ||
| 300 | _bil., tbl., graf. | ||
| 500 | _a1 ejemplar | ||
| 520 | _aRealiza un recorrido por la aplicación de la ergonomía en este tipo de ámbitos; desde el buen uso y adapatación de monitores y pantallas de visualización de datos, pasando por las medidas y diseño del mobiliario hasta las características del ambiente sono | ||
| 650 | _aERGONOMIA | ||
| 650 | _aTRABAJO EN OFICINAS | ||
| 942 | _cLIB | ||
| 999 |
_c1440 _d1440 |
||